| 000 | 00679nam a2200229 i 4500 | ||
|---|---|---|---|
| 001 | 17055 | ||
| 003 | ES-MaACL | ||
| 005 | 20250804071609.0 | ||
| 007 | t| | ||
| 008 | 001218s1995 sp ||||1| spa d | ||
| 020 | _a84-339-1439-1 | ||
| 080 | _a821.111(73)-82"19" | ||
| 100 | 1 |
_aMailer, Norman. _975572 |
|
| 245 | 1 | 3 |
_aLa canción del verdugo / _cNorman Mailer ; traducción de Antonio Samons. |
| 260 |
_aBarcelona : _bAnagrama, _c[1995] |
||
| 300 |
_a572 p. ; _c19 cm. |
||
| 490 | 1 |
_aCompactos Anagrama ; _v109 |
|
| 700 | 1 |
_aSamons, Antonio _9102180 |
|
| 830 | 0 |
_aCompactos Anagrama ; _v109 _9180205 |
|
| 852 |
_aES-MaACL _jL-24005 _bR.129091 |
||
| 999 |
_c17055 _d17055 |
||